00255nam a2200097Ia 4500008004000000082001500040100001100055245003900066260004400105300000800149210210b2005 xxu||||| |||| 00| 0 eng d a338.1 HINS aHINDU. aSurvey of Indian agriculture 2005. aChennaibKasturi and Sons Limitedc2005 a212